Statistics for Borussia Dortmund Squad 2016-2017

Click here to take the quiz!

General Stats

  • This quiz has been taken 466 times
  • The average score is 19 of 29

Answer Stats

NbrPostNationalityPlayer% Correct
11FWGermanyMarco Reus
94%
17FWGabonPierre-Emerick Aubameyang
91%
23MFJapanShinji Kagawa
90%
25DFGreeceSokratis Papastathopoulos
86%
1GKGermanyRoman Weidenfeller
85%
38GKSwitzerlandRoman Bürki
84%
10MFGermanyMario Götze
83%
22MFUSAChristian Pulisic
82%
4DFSerbiaNeven Subotic
81%
8MFTurkeyNuri Sahin
81%
7MFFranceOusmane Dembélé
78%
5DFSpainMarc Bartra
77%
29DFGermanyMarcel Schmelzer
72%
13DFPortugalRaphael Guerreiro
71%
20FWColombiaAdrian Ramos
68%
26DFPolandLukasz Piszczek
68%
9MFTurkeyEmre Mor
67%
-CoachGermanyThomas Tuchel
64%
6MFGermanySven Bender
61%
33MFGermanyJulian Weigl
56%
3DFSouth KoreaJoo Ho Park
53%
27MFGermanyGonzalo Castro
50%
37DFGermanyErik Durm
47%
21MFGermanyAndré Schürrle
46%
28DFGermanyMatthias Ginter
44%
18MFGermanySebastian Rode
40%
24MFSpainMikel Merino
39%
30MFGermanyFelix Passlack
30%
39GKGermanyHendrik Bonmann
25%

Score Distribution

Percentile by Number Answered

Percent of People with Each Score

Your Score History

You have not taken this quiz